Racines historiques de la didactique mathematiques

Tallennettuna:
Bibliografiset tiedot
Päätekijä: Glaeser, Georges (Tekijä)
Aineistotyyppi: Kirja
Kieli:ranska
Julkaistu: París Université Louis Pasteur 1988
Sarja:Cours du Troisième Cycle
Aiheet:
Tagit: Lisää tagi
Ei tageja, Lisää ensimmäinen tagi!

MARC

LEADER 00000nam a2200000 a 4500
001 UCO3854
003 CL-VaPUC
008 000728e19880000FR |||||||||||||||||fre|d
082 0 4 |a 372.7  |b GLA  |2 21 
100 |a Glaeser, Georges  |e author  |9 480095 
245 1 0 |a Racines historiques de la didactique mathematiques 
300 |a 217 p 
942 |c BK 
945 |d 20000728 00:00:00  |a vberengu 
260 |a París  |b Université Louis Pasteur  |c 1988 
650 0 |a Matemáticas  |x Enseñanza  |9 875527 
650 0 |a Métodos de enseñanza  |9 270413 
583 |a last modification  |c 20000728 00:00:00  |k Rodrigo Vera 
490 0 |a Cours du Troisième Cycle 
999 |c 289982  |d 289980 
952 |0 0  |1 0  |4 0  |6 372_700000000000000_GLA_1988  |7 0  |8 A  |9 339023  |a BIBMAT  |b BIBMAT  |d 2019-11-20  |i 3590321  |o 372.7 GLA 1988  |p 3590321  |r 2025-01-07  |w 2019-11-20  |y BK  |k MAT